00908nam a2200265 a 450000100060000000300080000600500170001400800390003103500190007004000320008904100080012108200220012910000430015124500660019425000130026026000300027330000290030349000410033250000200037365000310039383000490042494200120047399900170048595201400050257875BD-RjUL20211209080548.0161212s1908 enk | 001 0 eng a(BD-RjUL)57999 aDLCcDLCdDLCdBD-RjULbeng aeng00a302bMCI 19082231 aMcDougall, William,d1871-1938.98671803aAn introduction to social psychology /cby William McDougall. a14th ed. aLondon :bMethuen,c1908. axxviii, 524 p. ;c21 cm.0 aUniversity paperbacks U. P. 6 ; 1960 aIncludes index. 0aSocial psychology.9100534 aUniversity paperbacks U. P. 6 ; 19609171910 2ddccBK c57875d57875 00102ddc40718NFICaRUCLbRUCLcReadingd1990-10-24eShaukat osmang44.00l0o302 MCI 1908r2016-12-12 00:00:00tC-1w2016-12-12yBK